000 01750nam a2200229Ia 4500
003 OSt
005 20250414121159.0
008 191128t2016 us er 000 f spa d
020 _a9781630650490
040 _aCO-JMCR
_cCO-JMCR
041 0 _aspa
082 0 4 _aA-N
_bENCi
100 1 _aEnciso, Wilson Rogelio,
_eautor
_9642
245 1 3 _aLa iluminada muerte de Marco Aurelio Mancipe /
_cWilson Rogelio Enciso
260 _a[Gahanna] :
_bPukiyari Editores,
_c©2016
300 _a264 páginas ;
_c20 cm.
500 _aFinalista IV concurso internacional de novela Contacto Latino
500 _aIncluye datos biográficos del autor.
520 _aEl abogado Villarte y el curandero Guarerá fraguan una estrategia para apoderarse del patrimonio del iletrado gamonal Marco Aurelio Mancipe cuando éste, afectado por una sensación de muerte, acude al despacho del jurisconsulto para hacer su testamento. Además de hacerle consumir unos pútridos brebajes, envían a su pueblo a los temibles "Servidores de la Iglesia de Dios", quienes, basándose en la fe y en augurios subcontinentales, no solo hacen que el pueblo acuda al "Templo de Asistencia Espiritual Gratuita" en donde se les alela, sino que tejen una filigrana de rumores sociales que genera anodinos e interminables conflictos. También narra las historias de los cinco hijos de Marco Aurelio, procreados bajo "contrato" con su díscola esposa, así como inverosímiles situaciones vernáculas del país, como la inoculación de enfermedades masivas, con la concatenada aparición de adictivos brebajes sanadores fabricados por el curandero y sus hijos, originándose una supra rentable multinacional farmacéutica alternativa.
650 1 4 _aNovela colombiana
_925
942 _2ddc
_cBK
999 _c4517
_d4517